[Event "Asian Cities-chT"]
[Site "Khanty-Mansiysk"]
[Date "2024.04.29"]
[Round "9.1"]
[White "Movahed, Sina"]
[Black "Tuvshintulga, Tumurchudur"]
[Result "1-0"]
[WhiteElo "2463"]
[BlackElo "1743"]
[PlyCount "87"]
[EventDate "2024.04.21"]
[EventType "team-swiss"]
[EventRounds "9"]
[EventCountry "RUS"]
[SourceTitle "CB18_2024"]
[SourceDate "2024.05.01"]
[SourceVersion "1"]
[SourceVersionDate "2024.05.01"]
[SourceQuality "2"]
[WhiteTeam "Tehran"]
[BlackTeam "Sukhbaatar"]
[WhiteTeamCountry "IRI"]
[BlackTeamCountry "MGL"]

1. e4 Nf6 2. e5 Nd5 3. c4 Nb6 4. d4 d6 5. f4 dxe5 6. fxe5 Nc6 7. Be3 g6 8. Nc3 Bg7 9. Qd2 0-0 10. Be2 Na5 11. b3 Nc6 12. Rd1 Bf5 13. Nf3 Qd7 14. 0-0 Rad8 15. h3 Qc8 16. Qc1 f6 17. c5 fxe5 18. d5 e4 19. dxc6 Rxd1 20. Nxd1 Nd5 21. cxb7 Qxb7 22. Nd4 e5 23. Nxf5 gxf5 24. c6 Qc8 25. Bc4 Qe6 26. Nc3 Kh8 27. Bxd5 Qg6 28. Bc5 Rd8 29. Be7 Bh6 30. Qe1 Re8 31. Qh4 Bg7 32. Nxe4 fxe4 33. Bf7 Qxc6 34. Bxe8 Qxe8 35. Qxe4 Qb8 36. Kh1 Qe8 37. a4 h6 38. Bf6 Bxf6 39. Rxf6 Kg7 40. Qf5 e4 41. Re6 Qd8 42. Rg6+ Kh8 43. Qe5+ Kh7 44. Qg7# 1-0

[Event "Asian Cities-chT"]
[Site "Khanty-Mansiysk"]
[Date "2024.04.27"]
[Round "7.1"]
[White "Movahed, Sina"]
[Black "Azali, Tannaz"]
[Result "1-0"]
[WhiteElo "2463"]
[BlackElo "2101"]
[PlyCount "85"]
[EventDate "2024.04.21"]
[EventType "team-swiss"]
[EventRounds "9"]
[EventCountry "RUS"]
[SourceTitle "CB18_2024"]
[SourceDate "2024.05.01"]
[SourceVersion "1"]
[SourceVersionDate "2024.05.01"]
[SourceQuality "2"]
[WhiteTeam "Tehran"]
[BlackTeam "Tehran (W)"]
[WhiteTeamCountry "IRI"]
[BlackTeamCountry "IRI"]

1. e4 c5 2. Nf3 e6 3. d4 cxd4 4. Nxd4 Nf6 5. Nc3 Nc6 6. Nxc6 bxc6 7. e5 Nd5 8. Ne4 Qc7 9. f4 Qb6 10. c4 Bb4+ 11. Ke2 f5 12. Nf2 Ba6 13. Kf3 Ne7 14. Be3 Bc5 15. Bxc5 Qxc5 16. Qd6 Qb6 17. Be2 g5 18. fxg5 c5 19. Rhd1 Bb7+ 20. Kg3 Qxd6 21. exd6 f4+ 22. Kh3 Nf5 23. Bf3 0-0-0 24. Nd3 Bxf3 25. gxf3 Ne3 26. Rg1 Rdf8 27. Rac1 Rf5 28. Kh4 Rg8 29. a3 a5 30. b4 axb4 31. axb4 cxb4 32. Nxb4 Rg6 33. Kh5 Ra5 34. Ra1 Rf5 35. h4 Nxc4 36. Rgc1 Rc5 37. Rc3 e5 38. Rac1 Rxd6 39. Rxc4 Rxc4 40. Rxc4+ Kb7 41. Kg4 Rd2 42. Kf5 d6 43. Ke4 1-0

[Event "Titled Tuesday intern op 02nd Apr Late"]
[Site "Chess.com INT"]
[Date "2024.04.02"]
[Round "5"]
[White "Bujisho, Benjamin"]
[Black "Movahed, Sina"]
[Result "0-1"]
[WhiteElo "2343"]
[BlackElo "2463"]
[PlyCount "90"]
[EventDate "2024.04.02"]
[EventType "swiss (blitz)"]
[EventRounds "11"]
[EventCountry "USA"]
[SourceTitle "CB15_2024"]
[SourceDate "2024.04.10"]
[SourceVersion "1"]
[SourceVersionDate "2024.04.10"]
[SourceQuality "1"]

1. d4 Nf6 2. Bg5 d5 3. Nd2 c5 4. c3 Nc6 5. e3 cxd4 6. exd4 Bf5 7. Qb3 Qc7 8. Bxf6 gxf6 9. Qxd5 e6 10. Qf3 Bh6 11. Bb5 0-0-0 12. Bxc6 Bxd2+ 13. Kxd2 bxc6 14. Ne2 Qb6 15. b3 Rhg8 16. h3 Rd5 17. Rhc1 Qc7 18. c4 Rd7 19. Kc3 Qa5+ 20. Kb2 Qd2+ 21. Ka3 Rd6 22. g4 Rg5 23. Qf4 Qxf4 24. Nxf4 Rxd4 25. Ne2 Rd2 26. Ng3 Bg6 27. f4 Ra5+ 28. Kb4 Rdxa2 29. Rxa2 Rxa2 30. f5 a5+ 31. Kc5 Rg2 32. fxg6 hxg6 33. Ne4 f5 34. Nd6+ Kc7 35. Nxf7 f4 36. Ne5 Re2 37. Kd4 c5+ 38. Kxc5 Rxe5+ 39. Kd4 Re2 40. Ra1 e5+ 41. Kd3 f3 42. Rxa5 e4+ 43. Kd4 f2 44. Ra7+ Kd8 45. Rf7 e3 0-1

[Event "Titled Tuesday intern op 12th Mar Late"]
[Site "Chess.com INT"]
[Date "2024.03.12"]
[Round "5"]
[White "Zou, Chen"]
[Black "Movahed, Sina"]
[Result "0-1"]
[WhiteElo "2449"]
[BlackElo "2463"]
[PlyCount "160"]
[EventDate "2024.03.12"]
[EventType "swiss (blitz)"]
[EventRounds "11"]
[EventCountry "USA"]
[SourceTitle "CB12_2024"]
[SourceDate "2023.10.01"]
[SourceVersion "1"]
[SourceVersionDate "2023.10.01"]
[SourceQuality "1"]

1. d4 Nf6 2. c4 g6 3. Nc3 Bg7 4. e4 0-0 5. Nf3 d6 6. Be2 e5 7. dxe5 dxe5 8. Qxd8 Rxd8 9. Bg5 c6 10. Nxe5 Re8 11. 0-0-0 Na6 12. Nf3 h6 13. Bxf6 Bxf6 14. e5 Bg7 15. Rhe1 Bg4 16. h3 Bxf3 17. Bxf3 Bxe5 18. Ne4 Re7 19. a3 Kg7 20. Kc2 Rae8 21. Nd2 Nc5 22. b4 Nd7 23. Nb3 Bc7 24. Rxe7 Rxe7 25. Rd2 Ne5 26. Be2 Bb6 27. c5 Bc7 28. g3 f5 29. Nd4 Kf6 30. Nf3 Nd7 31. Bc4 b6 32. cxb6 axb6 33. Re2 b5 34. Rxe7 Kxe7 35. Bd3 Bb6 36. Nh4 Kf6 37. g4 Bxf2 38. Nf3 Nf8 39. gxf5 gxf5 40. Kb3 Ne6 41. a4 Nf4 42. Bf1 bxa4+ 43. Kxa4 Nd5 44. Kb3 Be3 45. b5 c5 46. Kc4 Nb6+ 47. Kb3 Ke6 48. Bc4+ Kd6 49. Bg8 Nd7 50. Bc4 f4 51. Bd3 Bf2 52. Bf1 Bd4 53. Bc4 Bf6 54. Bf1 Bd8 55. Bc4 Bb6 56. Bf1 Ne5 57. Nxe5 Kxe5 58. Bg2 Kd4 59. Kc2 Ke3 60. Bc6 f3 61. Kd1 f2 62. Bg2 c4 63. Bf1 c3 64. Kc2 Bd4 65. b6 Kf3 66. b7 Be5 67. b8Q Bxb8 68. Kxc3 Kg3 69. Kd2 Kh2 70. h4 Kg1 71. Ke2 h5 72. Bh3 Bg3 73. Bf1 Bxh4 74. Bh3 Bg3 75. Bf1 Bb8 76. Bh3 Ba7 77. Bf1 h4 78. Bh3 Kh2 79. Bf1 Kg3 80. Kd3 h3 0-1

[Event "Titled Tuesday intern op 13th Feb Early"]
[Site "Chess.com INT"]
[Date "2024.02.13"]
[Round "1"]
[White "Biletskyy, Dmytro"]
[Black "Movahed, Sina"]
[Result "0-1"]
[WhiteElo "1926"]
[BlackElo "2463"]
[PlyCount "64"]
[EventDate "2024.02.13"]
[EventType "swiss (blitz)"]
[EventRounds "11"]
[EventCountry "USA"]
[SourceTitle "CB08_2024"]
[SourceDate "2024.02.21"]
[SourceVersion "1"]
[SourceVersionDate "2024.02.21"]
[SourceQuality "1"]

1. e4 c5 2. Nf3 d6 3. c3 Nf6 4. Bd3 Nc6 5. 0-0 e5 6. Bc2 d5 7. exd5 Qxd5 8. d3 Be7 9. Nbd2 0-0 10. Nc4 b5 11. Ne3 Qd7 12. h3 Bb7 13. Re1 Rfe8 14. Nf1 Bf8 15. Be3 Nd5 16. Ng3 f5 17. Bd2 Kh8 18. Bb3 g6 19. Qc1 Bg7 20. Bh6 Na5 21. Bxg7+ Qxg7 22. d4 Nxb3 23. axb3 cxd4 24. cxd4 e4 25. Ne5 a6 26. Ne2 Rad8 27. Qd2 g5 28. Rad1 f4 29. Nc3 e3 30. fxe3 Nxe3 31. Rc1 Rxe5 32. Qe2 Rxd4 0-1

[Event "Titled Tuesday intern op 06th Feb Early"]
[Site "Chess.com INT"]
[Date "2024.02.06"]
[Round "10"]
[White "Movahed, Sina"]
[Black "Pranav, V."]
[Result "1-0"]
[WhiteElo "2463"]
[BlackElo "2611"]
[PlyCount "57"]
[EventDate "2024.02.06"]
[EventType "swiss (blitz)"]
[EventRounds "11"]
[EventCountry "USA"]
[SourceTitle "CB07_2024"]
[SourceDate "2024.02.14"]
[SourceVersion "1"]
[SourceVersionDate "2024.02.14"]
[SourceQuality "1"]

1. e4 e5 2. Nf3 Nc6 3. d4 exd4 4. Nxd4 Bc5 5. Be3 Qf6 6. c3 Nge7 7. Be2 d6 8. 0-0 0-0 9. Kh1 Qg6 10. Nd2 Ne5 11. f4 Ng4 12. Bg1 Nf6 13. f5 Qh6 14. Rf3 Nd7 15. Rg3 Qf6 16. Be3 h6 17. N2f3 Ne5 18. Qd2 Kh7 19. Rh3 Kg8 20. Rg1 Ng4 21. Rf1 Nxe3 22. Qxe3 Nc6 23. g4 Re8 24. g5 hxg5 25. Nxg5 Nxd4 26. cxd4 Bxd4 27. Qg3 Bxf5 28. Rxf5 Qg6 29. Bh5 1-0

[Event "Yerevan Margaryan Memorial GM"]
[Site "Yerevan"]
[Date "2024.01.15"]
[Round "8"]
[White "Movahed, Sina"]
[Black "Davtyan, Arsen"]
[Result "1/2-1/2"]
[WhiteElo "2450"]
[BlackElo "2392"]
[PlyCount "159"]
[EventDate "2024.01.08"]
[EventType "tourn"]
[EventRounds "9"]
[EventCountry "ARM"]
[EventCategory "8"]
[SourceTitle "CB04_2024"]
[SourceDate "2023.10.16"]
[SourceVersion "1"]
[SourceVersionDate "2023.10.16"]
[SourceQuality "1"]

1. e4 e5 2. Nf3 Nc6 3. Bb5 a6 4. Ba4 Nf6 5. 0-0 b5 6. Bb3 Bc5 7. c3 d6 8. d4 Bb6 9. a4 Rb8 10. a5 Ba7 11. h3 0-0 12. Be3 Ra8 13. Nbd2 h6 14. Re1 Re8 15. Bc2 Bb7 16. d5 Nb8 17. c4 c6 18. b3 Bxe3 19. Rxe3 cxd5 20. cxd5 Re7 21. b4 Rc7 22. Raa3 Nbd7 23. Rac3 Rac8 24. Nb1 Nf8 25. Qd2 Ng6 26. Bd3 Qd7 27. Bf1 Nh7 28. Rxc7 Rxc7 29. Nc3 f5 30. exf5 Ne7 31. Nh4 Nf6 32. Rg3 Rxc3 33. Qxc3 Ne4 34. Qb3 Nxg3 35. Qxg3 Nxd5 36. Be2 Nf6 37. Kh2 Bd5 38. Qe3 Qb7 39. Ng6 Kf7 40. g4 Qc7 41. h4 Bb7 42. f3 Nd5 43. Qa7 Nxb4 44. Bd1 Nc6 45. Bb3+ Ke8 46. Qe3 Nd4 47. f6 Nxb3 48. Qxb3 Qf7 49. Qc2 gxf6 50. Qf5 b4 51. Nh8 Qc4 52. Qg6+ Kd7 53. Qg7+ Kc6 54. Qe7 Qd5 55. Nf7 Kc5 56. Nxd6 Qxd6 57. Qxb7 e4+ 58. Kh3 exf3 59. Qxf3 Kb5 60. h5 Kxa5 61. Qe3 Qf8 62. Qc1 b3 63. Qc7+ Kb4 64. Qb6+ Kc3 65. Qe3+ Kc2 66. Qe2+ Kb1 67. Qd1+ Ka2 68. Qe2+ Kb1 69. Qd1+ Ka2 70. Qe2+ b2 71. Qc4+ Ka3 72. Qxa6+ Kb3 73. Qd3+ Kb4 74. Qc2 Ka3 75. Qc3+ Ka2 76. Qc4+ Kb1 77. Qd3+ Ka1 78. Qa6+ Kb1 79. Qd3+ Kc1 80. Qc3+ 1/2-1/2

[Event "Yerevan Margaryan Memorial GM"]
[Site "Yerevan"]
[Date "2024.01.11"]
[Round "4"]
[White "Movahed, Sina"]
[Black "Ohanyan, Emin"]
[Result "1-0"]
[WhiteElo "2450"]
[BlackElo "2456"]
[PlyCount "107"]
[EventDate "2024.01.08"]
[EventType "tourn"]
[EventRounds "9"]
[EventCountry "ARM"]
[EventCategory "8"]
[SourceTitle "CB04_2024"]
[SourceDate "2023.10.16"]
[SourceVersion "1"]
[SourceVersionDate "2023.10.16"]
[SourceQuality "1"]

1. e4 c5 2. Nf3 e6 3. d4 cxd4 4. Nxd4 Nf6 5. Nc3 Nc6 6. Nxc6 bxc6 7. e5 Nd5 8. Ne4 Qc7 9. f4 Qb6 10. c4 Ne3 11. Qd3 Bb4+ 12. Bd2 Ba6 13. b3 0-0 14. Nc3 Nd5 15. 0-0-0 Qa5 16. Kb2 f6 17. Qg3 Nxc3 18. Bxc3 Qa3+ 19. Kb1 Bxc3 20. Qxc3 Bc8 21. Bd3 a5 22. Rhf1 a4 23. Qb2 axb3 24. axb3 Qb4 25. Bc2 Ra5 26. Rf3 fxe5 27. fxe5 Rxf3 28. gxf3 Ra7 29. f4 g6 30. h4 Ba6 31. h5 Rb7 32. hxg6 hxg6 33. Qd4 Kf8 34. Qe3 Ke8 35. Kc1 Kd8 36. Qd4 Kc8 37. Rh1 Qf8 38. Kd1 Kb8 39. Rh2 c5 40. Qd2 Ka7 41. Be4 d5 42. cxd5 Rb4 43. Qe3 exd5 44. Bxd5 Rxf4 45. Kc1 Kb6 46. Kb2 Bb5 47. Rd2 g5 48. Be4 Bc6 49. Bxc6 Kxc6 50. Rd6+ Kb7 51. Qxc5 Rf2+ 52. Kc3 Qf3+ 53. Kb4 Qe4+ 54. Ka3 1-0

[Event "Titled Tuesday intern op 19th Dec Early"]
[Site "Chess.com INT"]
[Date "2023.12.19"]
[Round "4"]
[White "Golubev, Mikhail"]
[Black "Movahed, Sina"]
[Result "1-0"]
[WhiteElo "2461"]
[BlackElo "2450"]
[PlyCount "65"]
[EventDate "2023.12.19"]
[EventType "swiss (blitz)"]
[EventRounds "11"]
[EventCountry "USA"]
[SourceTitle "CB52_2023"]
[SourceDate "2023.12.27"]
[SourceVersion "1"]
[SourceVersionDate "2023.12.27"]
[SourceQuality "1"]

1. e4 c5 2. Nf3 d6 3. d4 cxd4 4. Nxd4 Nf6 5. Nc3 a6 6. Bc4 g6 7. f3 Bg7 8. Be3 h5 9. Qd2 b5 10. Bb3 Bb7 11. 0-0-0 Nbd7 12. h3 h4 13. Bg5 Rc8 14. Rhe1 Rh5 15. f4 Rxc3 16. Qxc3 Nxe4 17. Bxf7+ Kxf7 18. Qb3+ d5 19. Ne6 Qc8 20. Rxe4 Nb6 21. Nd8+ Kg8 22. Rxe7 Rxg5 23. fxg5 Qxd8 24. Rxb7 Qxg5+ 25. Kb1 Nc4 26. Qf3 Qe5 27. Qxd5+ Qxd5 28. Rxd5 Ne3 29. Rd8+ Kh7 30. Rdd7 Nf5 31. Ra7 Kh6 32. Rxa6 Ne3 33. Rdd6 1-0

[Event "Titled Tuesday intern op 19th Dec Early"]
[Site "Chess.com INT"]
[Date "2023.12.19"]
[Round "2"]
[White "Melian, Juan Sebastian"]
[Black "Movahed, Sina"]
[Result "0-1"]
[WhiteElo "2265"]
[BlackElo "2450"]
[PlyCount "86"]
[EventDate "2023.12.19"]
[EventType "swiss (blitz)"]
[EventRounds "11"]
[EventCountry "USA"]
[SourceTitle "CB52_2023"]
[SourceDate "2023.12.27"]
[SourceVersion "1"]
[SourceVersionDate "2023.12.27"]
[SourceQuality "1"]

1. e4 c5 2. b3 g6 3. Bb2 Nf6 4. e5 Nd5 5. Nc3 Nxc3 6. Bxc3 Bg7 7. h4 Nc6 8. h5 Bxe5 9. Bxe5 Nxe5 10. f4 Nc6 11. hxg6 fxg6 12. Bd3 0-0 13. Qg4 Qe8 14. Nf3 d5 15. Qh4 h5 16. Qg5 Bf5 17. 0-0-0 Qf7 18. Rxh5 Qg7 19. c3 gxh5 20. Bxf5 Qxg5 21. Be6+ Kg7 22. Nxg5 Rxf4 23. Bxd5 Rf5 24. Ne6+ Kf6 25. c4 Nb4 26. Bxb7 Rb8 27. Bd5 Nxd5 28. cxd5 Rxd5 29. Nf4 Rf5 30. Nd3 Rc8 31. Nb2 Rf2 32. Nc4 Rxg2 33. Rf1+ Kg7 34. Ne5 Rf8 35. Rh1 Rf5 36. Nc4 Rg3 37. Ne3 Rfg5 38. Kc2 Kg6 39. Kd3 Rf3 40. Ke4 Rf6 41. a3 Re6+ 42. Kf4 Rd6 43. Ng2 Rxg2 0-1

[Event "Tsaghkadzor op"]
[Site "Tsaghkadzor"]
[Date "2023.09.26"]
[Round "8"]
[White "Dragnev, Valentin"]
[Black "Movahed, Sina"]
[Result "1-0"]
[WhiteElo "2585"]
[BlackElo "2441"]
[PlyCount "133"]
[EventDate "2023.09.20"]
[EventType "swiss"]
[EventRounds "9"]
[EventCountry "ARM"]
[SourceTitle "EXT 2024"]
[Source "ChessBase"]
[SourceDate "2023.10.10"]
[SourceVersion "1"]
[SourceVersionDate "2023.10.10"]
[SourceQuality "1"]

1. d4 Nf6 2. Nf3 g6 3. c4 Bg7 4. Nc3 0-0 5. e4 d6 6. Be2 e5 7. 0-0 exd4 8. Nxd4 Re8 9. f3 c6 10. Kh1 d5 11. cxd5 cxd5 12. Bg5 Nc6 13. Bb5 h6 14. Bxf6 Qxf6 15. exd5 Qxd4 16. dxc6 Rf8 17. Qxd4 Bxd4 18. Rfd1 Be5 19. Re1 Bg7 20. c7 Bxc3 21. bxc3 Be6 22. Rad1 Rac8 23. Bd7 Rxc7 24. Bxe6 fxe6 25. Rxe6 Kh7 26. Rdd6 Rg8 27. h4 h5 28. f4 Rf7 29. g3 Rgg7 30. Kh2 Rf8 31. Re5 Rgf7 32. Ree6 Rg7 33. Re5 Rgf7 34. c4 b6 35. Rc6 Kh6 36. Ree6 Rg7 37. a4 Rf5 38. Re8 Rgf7 39. Ree6 Rg7 40. Red6 Kh7 41. Rd5 Rff7 42. Rg5 Rf8 43. Kg2 Rff7 44. Kh3 Rf8 45. Kg2 Rff7 46. Kh2 Rf8 47. Kh3 Rff7 48. c5 bxc5 49. Rgxc5 Rf8 50. Rg5 Rff7 51. Kh2 Rf8 52. Kg1 Rff7 53. Kg2 Rf8 54. a5 Rff7 55. Kh3 Rf8 56. Kh2 Rff7 57. Kg2 Rf8 58. a6 Rff7 59. Rgc5 Rf8 60. Rc7 Rff7 61. Rxf7 Rxf7 62. Rb5 Kh6 63. Rb7 Rf5 64. Rxa7 Ra5 65. Kf3 Ra3+ 66. Ke4 Rxg3 67. Rc7 1-0